000 00560nam a22001937a 4500
999 _c6264
_d6264
003 AR-CdUCM
008 190314b ||||| |||| 00| 0 spa d
040 _aMUNICIPALIDAD PROVINCIAL DEL CUSCO
_cBIBLIOTECA MUNICIPAL DEL CUSCO
082 _a801 /
_bV15
245 _aPluvial Epistolar /
260 _aCusco-Perú ;
_bAmauta ;
_c2012.
300 _a67 páginas ;
_c20cm
505 _aContenido: Cartas
650 _aCartas
_9213
650 _aLiteratura
_9416
700 _aVáldelmar, L. A. (recopilaciones )
_918012
942 _2ddc
_cLIBROS
945 _anom